000 00242nam a22001217a 4500
020 _a978-93-50334-45-4
082 _a342
_bMAP/I
245 _aINDIA - GK
260 _aNOIDA
_bMAPLE
300 _a95
650 _aGK - INDIA
_zNOIDA
942 _cBK
999 _c6134
_d6134